Marchands, salariat et capitalistes.

Bibliographic Details
Main Author: Benetti, Carlo
Other Authors: Cartelier, Jean
Format: Libro
Language:English
Published: Paris, Francia Maspero 1980
Series:Intervention en économie politique
Subjects:

MARC

LEADER 00000cam a2200000 a 4500
001 008723
003 UAHC_CL
005 20170803120507.0
008 020806b xx j 000 1 eng
040 |a UAHC_CL  |c UAHC_CL  |d UAHC_CL 
100 1 |a Benetti, Carlo 
245 1 0 |a Marchands, salariat et capitalistes. 
260 |b Maspero  |c 1980  |a Paris, Francia 
300 |a 207 p. 
490 0 |a Intervention en économie politique 
650 4 |a CAPITALISMO 
650 4 |a SALARIOS 
650 4 |a DINERO 
650 4 |a ECONOMIA MARXISTA 
700 1 |a Cartelier, Jean 
900 |a 330.1 BENM 
942 |c BK 
952 |0 0  |1 0  |4 0  |6 330_100000000000000_BENM  |7 0  |8 General  |9 18498  |a BC  |b BC  |c General  |d 2017-08-03  |l 0  |o 330.1 BENM  |p 1327970  |r 2026-01-13 00:00:00  |t 1  |w 2017-08-03  |y BK 
999 |c 8723  |d 8723